000
00299nam a22001097a 4500
008
230704b xxu||||| |||| 00| 0 eng d
082
_a
362.1
_b
WHO 1994
245
_a
Ninth General Programme of Work
_b
Covering the Period 1996 -2001
260
_a
Geneva
_b
WHO
_c
1994
300
_a
IV,61p
942
_2
ddc
_c
BK
999
_c
3955
_d
3955